00223nam a2200085Ia 4500008004100000100001800041245003600059260003300095260000900128170620s9999 xx 000 0 und d aMisra- Bhawna 0aEducation And Child Development bNew Delhi- Mohit Publication c2000